000 00455nam a2200181Ia 4500
003 LK-CoDNM
008 010623t1922 xxu||||| |||| 00| 1 sin d
040 _aLK-CoDNM
_dLK-CoDNM
_eLK-CoDNM
041 _asin
080 _a104 J.10
100 _aKarunaratne,Malinie.M
_eed.
245 _aලංකා මාතා
246 _aLanka matha
260 _bMalinie.M.Karunaratne
_aMaradana
_c1922
300 _b24p., 21 cm
650 _aWomen
942 _cBK
999 _c91323
_d91323